Návrh opatrení na zdokonalenie motivačného systému zamestnancov vo firme I.D.C. Lolly, s.r.o. = Proposal of measures for improvement of the employee incentive system in the IDC Lolly, Ltd. Company : Bakalárska práca

Gespeichert in:
Bibliographische Detailangaben
1. Verfasser: Juroleková, Andrea, 1971- (Verfasst von)
Weitere Verfasser: Hoghová, Katarína, 1982- (xxx)
Format: Manuskript Buch
Sprache:Slowakisch
Veröffentlicht: Trnava : STU v Bratislave MTF UPMK, 2009
Schlagworte:
Tags: Tag hinzufügen
Keine Tags, Fügen Sie das erste Tag hinzu!

MARC

LEADER 00000ntm a22000003a 4500
001 stu198140
005 20160719160045.6
008 100115s2009----xo------------------slo-d
040 |a STU  |b slo 
041 0 |a slo 
044 |a xo 
100 1 |a Juroleková, Andrea,  |d 1971-  |4 aut  |X 29688  |7 A000029688 
245 1 |a Návrh opatrení na zdokonalenie motivačného systému zamestnancov vo firme I.D.C. Lolly, s.r.o. = Proposal of measures for improvement of the employee incentive system in the IDC Lolly, Ltd. Company :  |b Bakalárska práca 
260 |a Trnava :  |b STU v Bratislave MTF UPMK,  |c 2009 
500 |a Študijný program: priemyselné manažérstvo 
500 |a Študijný odbor: 5.2.52 priemyselné inžinierstvo 
650 7 |a personálny manažment  |2 stusub 
650 7 |a motivačné teórie  |2 stusub 
650 7 |a ľudský faktor  |2 stusub 
700 1 |a Hoghová, Katarína,  |d 1982-  |4 xxx  |u M190  |U MTF Materiálovotechnologická fakulta  |T MTF Katedra priemyselného inžinierstva a manažmentu  |X 21424  |U M190  |Y 167  |7 A000021424 
996 |b 284M072072  |c M*BP-4246  |l MMSKP  |s P  |a 0  |w stu198140_0001